| 000 | 00463nam a22001337a 4500 | ||
|---|---|---|---|
| 008 | 230517b |||||||| |||| 00| 0 eng d | ||
| 040 |
_aNational Science Library _cNational Science Library |
||
| 080 |
_a556.51DIGARU _bN7 |
||
| 245 | _aApplication of HEC-2 programme for water surface profile determination of river Digaru at Sonapur, Assam | ||
| 260 |
_aRoorkee: _bNational Institute of Hydorlogy, |
||
| 300 | _aiv, 76p. | ||
| 650 | _aReport | ||
| 942 |
_2udc _cREP |
||
| 999 |
_c31311 _d31311 |
||